| 000 | 00591aas a2200181 4500 | ||
|---|---|---|---|
| 999 |
_c50146 _d50146 |
||
| 001 | 768714001 | ||
| 003 | CO-MdFUSB | ||
| 005 | 20170914122015.0 | ||
| 008 | 170914b xxu||||| |||| 00| 0 eng d | ||
| 022 | _a0326-6737 | ||
| 040 |
_aCO-MdFUSB _bspa _cCO-MdFUSB _dCO-MdFUSB |
||
| 041 | _aspa | ||
| 100 | 1 |
_aTebes, Juan Manuel _eautor |
|
| 245 | 1 | 0 |
_aCipriano de Cartago : _bcristianismo y mundo social en el siglo III |
| 300 |
_aVolumen 19 (2000), páginas 311-342 _c: 23 cm. |
||
| 773 | 0 |
_tCuadernos de Teología _049404 _959702 _gVolumen 19 (2000), páginas 311-342 _qPágina 311 |
|
| 942 | _cANA | ||